00902nam a2200241 a 450000100060000000300080000600500170001400800410003103500190007204000230009104100080011408200240012210000330014624501120017925000250029126000760031630000340039250000180042665000510044494200120049599900170050795201360052456018BD-RjUL20211209080337.0161124s1958 ii 001 0 eng  a(BD-RjUL)56142 aDLCcDLCdDLCbeng aeng 223a954.1bSUP 19581 aSubbarao, Bendapudi.916675014aThe personality of India :bpre and proto-historic foundation of India and Pakistan /cBendapudi Subbarao,  a2d ed. rev. and enl. aBaroda :bFaculty of Arts, Maharaja Sayajirao Univers of Baroda,c1958. axii, 193 p. :bill. ;c24 cm. aInclude index 2 India -- Civilization. India -- History.  2ddccBK c56018d56018 00102ddc40708NFICaRUCLbRUCLcStackd1964-05-12eK.L. Muk.g20.00l0o954.1 SUP 1958r2016-11-24 00:00:00tC-2w2016-11-24yBK